000 00863cab a22002175a 4500
001 L137990
008 070510e20070505xxkdo f s 000 0 eng d
035 _a(Sirsi) u137990
041 0 _aeng
100 1 _aTaylor, Andrew
245 0 0 _aFocus
_bHampshire and Dorset
260 _c2007
490 _aEstates Gazette
_v(718) 5 May 2007, 131-143(7)
520 _aProvides an overview of the commercial rental sector in Southampton, Portsmouth and Bournemouth. Describes a lack of investment opportunities in Hampshire. Finds that the Dorset market is more buoyant, but is lacking in major transactions. Provides office, industrial and retail rental statistics.
590 _aKA
651 4 _aSouth West (England)
_y1994-
690 _aPROPERTY-COMMERCIAL PROPERTY-COMMERCIAL PROPERTY MARKET
700 1 _aHarris, David
700 1 _aJack, Simon
942 _n0
999 _c78761
_d78761